000 00572nam a2200217Ia 4500
003 LK-CoDNM
008 010623t1925 xxu||||| |||| 00| 1 sin d
040 _aLK-CoDNM
_dLK-CoDNM
_eLK-CoDNM
041 _asin
080 _a104 E.7
100 _aWickramanayake,J.M.A
_eed.
245 _aශ්‍රී සුමංගල ශ්‍රී
246 _aSri Sumangala Sri
260 _bStar
_aPanadura
_c1925
300 _b22p., 23 cm
650 _aElu Sandes Lakuna
650 _aMaitree Bhawana
650 _aMeditation
650 _aSinhalese Grammer
942 _cBK
999 _c93092
_d93092